Healing unlimited: (Record no. 7769)
[ view plain ]
| 000 -LEADER | |
|---|---|
| fixed length control field | 00433nam a2200145 4500 |
| 008 - FIXED-LENGTH DATA ELEMENTS--GENERAL INFORMATION | |
| fixed length control field | 171117b xxu||||| |||| 00| 0 eng d |
| 020 ## - INTERNATIONAL STANDARD BOOK NUMBER | |
| International Standard Book Number | 0-88723-130-6 |
| 082 ## - DEWEY DECIMAL CLASSIFICATION NUMBER | |
| Edition number | 1996 |
| Classification number | DC 615.8 |
| Item number | H34 |
| 245 ## - TITLE STATEMENT | |
| Title | Healing unlimited: |
| Remainder of title | from the editors of boardroom classics. |
| 260 ## - PUBLICATION, DISTRIBUTION, ETC. (IMPRINT) | |
| Place of publication, distribution, etc. | Greenwich, CT: |
| Name of publisher, distributor, etc. | Boardroom, Inc., |
| Date of publication, distribution, etc. | ©1996. |
| 300 ## - PHYSICAL DESCRIPTION | |
| Extent | xi, 499 pages; |
| Dimensions | 28 cm. |
| 500 ## - GENERAL NOTE | |
| General note | Includes index. |
| 650 #0 - SUBJECT ADDED ENTRY--TOPICAL TERM | |
| 9 (RLIN) | 23429 |
| Topical term or geographic name as entry element | Healing |
| 942 ## - ADDED ENTRY ELEMENTS (KOHA) | |
| Source of classification or shelving scheme | Dewey Decimal Classification |
| Koha item type | Circulation |
| Withdrawn status | Lost status | Source of classification or shelving scheme | Damaged status | Not for loan | Collection code | Home library | Current library | Date acquired | Source of acquisition | Total Checkouts | Full call number | Barcode | Date last seen | Copy number | Price effective from | Koha item type |
|---|---|---|---|---|---|---|---|---|---|---|---|---|---|---|---|---|
| Dewey Decimal Classification | Circulation | UM Digos College - LIC | UM Digos College - LIC | 04/21/2006 | Purchased | DC 615.8 H34 1996 | 18550 | 05/15/2025 | 1 | 11/17/2017 | Circulation |
